00534njm a2200157 i 4500001001100000003000500011005001700016008004100033040002500074245005600099264007000155336002100225337002500246338002300271500008200294C2-0217767PPAK20180729152035.0990707s1983 my |||| ||||| | may d aPPAKbengcPPAKerda00aZaman persekolahan Kebawah DYMM Tuanku Sultan Kedah 1aAlor Setar, Kedah : bPerbadanan Perpustakaan Awam Kedah , c1983 2rdacontentatext 2rdamediaaunmediated 2rdacarrieravolume aDirakam pada 27/7/83 ; Temubual dengan En. Md. Noor Rauna ; Tiada transkripsi